Top 50 de l'Année 1997 - Statistiques

Statistiques générales
  • Ce quiz a été pris 22 fois
  • Le résultat moyen est 12 sur 50
Statistiques - réponses
Artistes Chansons % Correct
7 NO DOUBT Don't speak
75%
18 AQUA Barbie girl
70%
20 PASCAL OBISPO Lucie
70%
2 RICKY MARTIN Maria
65%
4 THE VERVE Bitter sweet symphony
55%
12 ULTRA NATE Free
55%
6 DAFT PUNK Around the world
50%
41 R. KELLY I believe I can fly
50%
19 ANGGUN La neige au Sahara
45%
50 WES Alane
40%
3 WILL SMITH Men in black
40%
17 HANSON Mmmbop
40%
29 TONI BRAXTON Un-break my heart
40%
22 ANDREA BOCELLI Con te partiro
35%
1 PUFF DADDY & FAITH EVANS feat. 112 I'll be missing you
35%
47 FLORENT PAGNY Savoir aimer
35%
23 JAMIROQUAI Cosmic girl
25%
30 U2 Discothèque
25%
16 SKUNK ANANSIE Hedonism (just because you feel good)
25%
33 JEAN-JACQUES GOLDMAN On ira
25%
26 EN VOGUE Don't let go (love)
20%
44 NOIR DESIR L'homme pressé
20%
24 DAFT PUNK Da funk
15%
31 AKHENATON J'ai pas de face
15%
42 NO DOUBT Just a girl
15%
5 JAMIROQUAI Alright
10%
38 MEREDITH BROOKS Bitch
10%
21 BRAIDS Bohemian rhapsody
10%
25 BLACKSTREET Don't leave me
10%
27 SASH! Encore une fois
10%
39 M.C. SOLAAR Gangster moderne
10%
8 M.C. SOLAAR Les temps changent
10%
28 IAM Nés sous la même étoile
10%
9 JEAN-JACQUES GOLDMAN Sache que je
10%
10 TEXAS Say what you want
10%
34 U2 Staring at the sun
10%
36 SPICE GIRLS Who do you think you are
10%
48 ALANIS MORISSETTE You learn
10%
11 WHITE TOWN Your woman
10%
15 SPICE GIRLS 2 become 1
5%
37 THE ROLLING STONES Anybody seen my baby?
5%
43 IAM L'empire du côté obscur
5%
32 GALA Let a boy cry
5%
35 DOWN LOW Vision of life
5%
13 SHOLA AMA You might need somebody
5%
49 ALANIS MORISSETTE You oughta know
5%
14 OLIVE You're not alone
5%
40 JANET JACKSON feat. Q-TIP & JONI MITCHELL Got 'til it's gone
0%
45 ROBERT MILES feat. MARIA NAYLER One and one
0%
46 PASCAL OBISPO Où et avec qui tu m'aimes ?
0%
Aucun quiz correspondant
Distribution des résultats
% des personnes avec chaque résultat
Percentile par nombre de réponses
Votre historique - résultats
Vous n’avez pas pris ce quiz